[Event "AUTO-MASTER-2509"]
[Site "http://www.queenalice.com/game.php?id=1440059"]
[Date "2016.9.7"]
[Round "1"]
[White "serse"]
[Black "SubRoger"]
[Result "1-0"]
[WhiteElo "2304"]
[BlackElo "1957"]

1. d4 d5 2. c4 e6 3. Nf3 c6 4. Qc2 f5 5. Bf4 Bd6 6. e3 Nf6 7. Bd3 O-O 8. O-O
Bxf4 9. exf4 Nbd7 10. Ng5 Ne4 11. Nxe6 Qf6 12. Nxf8 Nxf8 13. cxd5 cxd5 14. Nc3
Be6 15. Rad1 Rc8 16. Nxd5 Rxc2 17. Nxf6+ Nxf6 18. Bxc2 1-0

[Event "AUTO-MASTER-2509"]
[Site "http://www.queenalice.com/game.php?id=1440060"]
[Date "2016.9.7"]
[Round "1"]
[White "SubRoger"]
[Black "serse"]
[Result "1-0"]
[WhiteElo "1974"]
[BlackElo "2281"]

1. e4 e5 2. Nf3 Nf6 3. d3 Nc6 4. Be2 g6 5. O-O Bg7 6. Nc3 d6 7. Bg5 h6 8. Bh4 g5
9. Bg3 Bd7 10. Nd2 Nd4 11. Nb3 h5 12. f3 h4 13. Bf2 c5 14. Nb1 Nxe2+ 15. Qxe2 g4
16. N1d2 h3 17. g3 Qc7 18. Be3 gxf3 19. Qxf3 Be6 20. Bg5 Ng4 21. Bh4 f6 22. Rfe1
O-O-O 23. Nf1 Rdf8 24. Ne3 Nxe3 25. Qxe3 f5 26. exf5 1-0

[Event "AUTO-MASTER-2509"]
[Site "http://www.queenalice.com/game.php?id=1440061"]
[Date "2016.9.7"]
[Round "1"]
[White "serse"]
[Black "mascarade"]
[Result "1-0"]
[WhiteElo "2303"]
[BlackElo "1863"]

1. d4 d5 2. a3 c5 3. dxc5 Qa5+ 4. b4 Qd8 5. Bb2 Nc6 6. c4 dxc4 7. Qxd8+ Nxd8 8.
e3 e6 9. Nd2 Nc6 10. Nxc4 Nf6 11. Rd1 Bd7 12. Nf3 Be7 13. h3 h5 14. Nd6+ Bxd6
15. cxd6 O-O 16. Rg1 Rad8 17. Bxf6 gxf6 18. g4 1-0

[Event "AUTO-MASTER-2509"]
[Site "http://www.queenalice.com/game.php?id=1440062"]
[Date "2016.9.7"]
[Round "1"]
[White "mascarade"]
[Black "serse"]
[Result "0-1"]
[WhiteElo "1867"]
[BlackElo "2300"]

1. Nf3 Nf6 2. d4 e6 3. g3 d5 4. Bg2 Be7 5. a3 O-O 6. Nbd2 Nbd7 7. O-O c5 8. dxc5
Nxc5 9. e3 Qc7 10. b4 Na4 11. Nd4 Nc3 12. Qe1 e5 13. N4b3 b6 14. Nb1 Nxb1 15.
Rxb1 Ba6 0-1

[Event "AUTO-MASTER-2509"]
[Site "http://www.queenalice.com/game.php?id=1440063"]
[Date "2016.9.7"]
[Round "1"]
[White "serse"]
[Black "Harry28"]
[Result "0-1"]
[WhiteElo "2237"]
[BlackElo "2290"]

1. e4 e5 2. Nf3 Nf6 3. Nxe5 d6 4. Nf3 Nxe4 5. d4 d5 6. Bd3 Be7 7. O-O O-O 8. c4
c6 9. Nc3 Nxc3 10. bxc3 dxc4 11. Bxc4 Bf5 12. Bf4 Bf6 13. Re1 Nd7 14. Bd6 Re8
15. Qb3 Rxe1+ 16. Rxe1 Bg6 17. Qxb7 h6 18. Ba6 Bf5 19. Qxc6 Rb8 0-1

[Event "AUTO-MASTER-2509"]
[Site "http://www.queenalice.com/game.php?id=1440064"]
[Date "2016.9.7"]
[Round "1"]
[White "Harry28"]
[Black "serse"]
[Result "1-0"]
[WhiteElo "2279"]
[BlackElo "2248"]

1. e4 e6 2. Nf3 d5 3. Nc3 Bb4 4. exd5 exd5 5. d4 Ne7 6. Bd3 Bg4 7. Bd2 Nbc6 8.
Be3 Nf5 9. Bxf5 Bxf5 10. h3 O-O 11. O-O Na5 12. Ne5 c6 13. Ne2 Nc4 14. Nxc4 dxc4
15. c3 Ba5 16. Ng3 Bd3 17. Re1 Bc7 18. Nh5 g6 19. Nf4 Bf5 20. Ne2 1-0

[Event "AUTO-ELITE-1730"]
[Site "http://www.queenalice.com/game.php?id=1440104"]
[Date "2016.9.7"]
[Round "1"]
[White "serse"]
[Black "vivafischer"]
[Result "0-1"]
[WhiteElo "2260"]
[BlackElo "2250"]

1. d4 d5 2. Nf3 Nf6 3. Bf4 c5 4. c3 cxd4 5. cxd4 Nc6 6. Nc3 Bf5 7. e3 e6 8. Qb3
Bb4 9. Bb5 Bxc3+ 10. Qxc3 O-O 11. Bxc6 Rc8 12. Ne5 Ng4 13. Nxg4 Bxg4 14. Qa3
Rxc6 15. Qxa7 Rc2 16. O-O Rxb2 17. Rab1 Rxb1 18. Rxb1 Qa8 0-1

[Event "AUTO-ELITE-1730"]
[Site "http://www.queenalice.com/game.php?id=1440105"]
[Date "2016.9.7"]
[Round "1"]
[White "vivafischer"]
[Black "serse"]
[Result "1-0"]
[WhiteElo "2245"]
[BlackElo "2295"]

1. d4 d5 2. Nf3 e6 3. c4 Nf6 4. Bg5 Be7 5. e3 O-O 6. Nc3 a6 7. cxd5 exd5 8. Qb3
c6 9. Bd3 h6 10. Bf4 c5 11. dxc5 Nbd7 12. O-O Nxc5 13. Qc2 Nxd3 14. Qxd3 Be6 15.
Rac1 Bd6 16. Rfd1 Rc8 17. Bxd6 Qxd6 18. h3 Rfe8 19. Ne2 Rxc1 20. Rxc1 Bd7 21.
Nf4 g5 22. Ne2 1-0

[Event "AUTO-ELITE-1730"]
[Site "http://www.queenalice.com/game.php?id=1440106"]
[Date "2016.9.7"]
[Round "1"]
[White "serse"]
[Black "patoche"]
[Result "0-1"]
[WhiteElo "2322"]
[BlackElo "2656"]

1. d4 Nf6 2. Nf3 d5 3. c4 e6 4. g3 c6 5. Bg2 dxc4 6. Ne5 Bb4+ 7. Nc3 Nd5 8. Bd2
Nb6 9. e3 N8d7 10. Bxc6 bxc6 11. Nxc6 Qf6 12. Nxb4 Bb7 13. e4 Qxd4 14. Be3 Qe5
15. O-O O-O 16. Bd4 Qd6 17. Nc2 Ne5 18. Bxe5 Qxe5 19. Qe2 h6 20. f4 Qa5 21. f5
Na4 22. fxe6 fxe6 23. Qxc4 Nxb2 24. Qxe6+ Kh7 25. h4 Qc5+ 0-1

[Event "AUTO-ELITE-1730"]
[Site "http://www.queenalice.com/game.php?id=1440107"]
[Date "2016.9.7"]
[Round "1"]
[White "patoche"]
[Black "serse"]
[Result "1-0"]
[WhiteElo "2657"]
[BlackElo "2320"]

1. e4 e6 2. Nf3 d5 3. e5 c5 4. b4 d4 5. bxc5 Bxc5 6. Ba3 Qa5 7. Qe2 Bd7 8. Bxc5
Qxc5 9. Qc4 Qxc4 10. Bxc4 Nc6 11. O-O Nge7 12. Re1 h5 13. a4 Rd8 14. Na3 Kf8 15.
Nb5 Be8 16. Ng5 Rh6 17. f4 Nb4 18. Rec1 Nc8 19. Nc7 Nc6 20. a5 Rd7 21. Nxe8 Kxe8
22. a6 N8e7 23. axb7 Rxb7 24. Rcb1 Rc7 25. Ra6 Kf8 26. Rb5 1-0

[Event "AUTO-OPEN-3702"]
[Site "http://www.queenalice.com/game.php?id=1440240"]
[Date "2016.9.8"]
[Round "1"]
[White "Artking"]
[Black "serse"]
[Result "0-1"]
[WhiteElo "2154"]
[BlackElo "2315"]

1. Nf3 Nf6 2. g3 b6 3. Bg2 Bb7 4. c4 e6 5. Nc3 c5 6. d3 Nc6 7. O-O h6 8. Bf4 g5
9. Bd2 d6 10. a3 Bg7 11. e3 O-O 12. Rb1 d5 13. cxd5 exd5 14. Ne2 a5 15. Bc3 Ba6
16. Ne5 Qe8 17. f4 Nxe5 18. fxe5 Ng4 19. Nf4 Nxe3 20. Qe2 gxf4 21. gxf4 Nxg2 22.
Kxg2 d4 23. Be1 f6 24. e6 Qg6+ 25. Bg3 Bxd3 0-1

[Event "AUTO-OPEN-3702"]
[Site "http://www.queenalice.com/game.php?id=1440241"]
[Date "2016.9.8"]
[Round "1"]
[White "serse"]
[Black "Artking"]
[Result "1-0"]
[WhiteElo "2306"]
[BlackElo "2162"]

1. d4 Nf6 2. c4 g6 3. Nf3 Bg7 4. g3 c6 5. Bg2 d6 6. Nc3 Nbd7 7. O-O O-O 8. d5 c5
9. e4 a6 10. a4 b6 11. Qe2 e5 12. dxe6 fxe6 13. e5 dxe5 14. Ng5 Rb8 15. Nxe6 Qe7
16. Nxf8 Nxf8 17. Bg5 h6 18. Nd5 Qd6 19. Nxf6+ Bxf6 20. Rad1 Qe7 21. Bxf6 Qxf6
22. Rfe1 Be6 23. Rd6 Nd7 24. Rxe6 1-0

[Event "AUTO-OPEN-3702"]
[Site "http://www.queenalice.com/game.php?id=1440260"]
[Date "2016.9.8"]
[Round "1"]
[White "Tonto"]
[Black "serse"]
[Result "0-1"]
[WhiteElo "1920"]
[BlackElo "2314"]

1. Nf3 Nf6 2. d4 e6 3. a3 d5 4. Nc3 Be7 5. Bf4 O-O 6. Qd2 Ne4 7. Nxe4 dxe4 8.
Ne5 b5 9. e3 f6 10. Ng4 e5 11. dxe5 Qxd2+ 12. Kxd2 Bxg4 13. Bxb5 fxe5 14. Bc4+
Kh8 15. Bg3 Nc6 16. h3 Bh5 17. Raf1 Na5 18. Bb5 Rab8 19. a4 c6 20. Bxe5 Rbd8+
21. Kc3 cxb5 22. axb5 Rc8+ 23. Kd4 Rc4+ 24. Kd5 Bf7# 0-1

[Event "AUTO-OPEN-3702"]
[Site "http://www.queenalice.com/game.php?id=1440261"]
[Date "2016.9.8"]
[Round "1"]
[White "serse"]
[Black "Tonto"]
[Result "1-0"]
[WhiteElo "2302"]
[BlackElo "1922"]

1. e4 e5 2. Nf3 d6 3. d4 exd4 4. Qxd4 c5 5. Bb5+ Bd7 6. Qd3 Qa5+ 7. Nc3 Nf6 8.
Bf4 Nc6 9. O-O Qc7 10. e5 Nd4 11. Nxd4 Ng4 12. exd6 Bxd6 13. Rfe1+ Ne5 14. Bxe5
O-O-O 15. Nd5 Bxb5 16. Nxb5 Qa5 17. Nxd6+ Rxd6 18. Bxd6 g6 19. Ne7+ Kd7 20.
Bxc5+ Kc7 21. Qd6# 1-0

[Event "AUTO-OPEN-3702"]
[Site "http://www.queenalice.com/game.php?id=1440270"]
[Date "2016.9.8"]
[Round "1"]
[White "Canaye"]
[Black "serse"]
[Result "1-0"]
[WhiteElo "1873"]
[BlackElo "2318"]

1. d4 e6 2. c4 Nf6 3. Nc3 Bb4 4. Qc2 O-O 5. a3 Bxc3+ 6. Qxc3 b6 7. h3 Ne4 8. Qc2
d5 9. e3 Ba6 10. Nf3 f5 11. b4 dxc4 12. Bxc4 Bxc4 13. Qxc4 Qd7 14. Ne5 Qd6 15.
f3 Ng3 16. Rg1 Nd7 17. Nxd7 Qxd7 18. Kf2 Nh5 19. Bb2 Rac8 20. Rad1 Nf6 21. g3
Nd5 22. f4 c6 23. Qe2 Ra8 24. Rc1 a5 25. bxa5 Rxa5 26. Qc4 Rc8 27. Rgd1 Qf7 28.
Bc3 Rxa3 29. Bb4 Nxe3 30. Bxa3 Nxc4 31. Rxc4 e5 32. d5 1-0

[Event "AUTO-OPEN-3702"]
[Site "http://www.queenalice.com/game.php?id=1440271"]
[Date "2016.9.8"]
[Round "1"]
[White "serse"]
[Black "Canaye"]
[Result "1-0"]
[WhiteElo "2301"]
[BlackElo "1847"]

1. e4 e6 2. Nc3 d5 3. d4 dxe4 4. Nxe4 Nd7 5. Bd3 c5 6. Nf3 Ngf6 7. O-O cxd4 8.
Nxd4 Nxe4 9. Bxe4 Bc5 10. Qd3 f5 11. Nxe6 Qb6 12. Nxg7+ Kf7 13. Nxf5 Nf6 14.
Nh6+ Kf8 15. Qf3 Qe6 16. Bg5 Kg7 17. Nf5+ Kf7 18. Rfe1 Qb6 19. Bd5+ Kg6 20. Nh4+
Kxg5 21. Re5+ Kxh4 22. Qg3# 1-0